Native American Tribes - Sudden Death - Statistics

General Stats
  • This quiz has been taken 72 times
  • The average score is 7 of 8
Answers on the Grid
Answers color-coded by a green-red scale on the quiz's grid according to % correct below.
Cherokee
Mohawk
Navajo
Arapaho
Choctaw
Hopi
Ojibwe
Shoshone
Zinapa
Takwanee
Skawtomi
Lunaki
Kumachi
Dranaki
Omatika
Renaska
 
Answer Stats
Answer % Correct
Navajo
98%
Cherokee
95%
Mohawk
95%
Choctaw
85%
Shoshone
81%
Hopi
74%
Arapaho
71%
Ojibwe
71%
No matching quizzes found
Score Distribution
Percent of People with Each Score
Percentile by Number Answered
Your Score History
You have not taken this quiz